| 000 | 00360 a2200157 4500 | ||
|---|---|---|---|
| 001 | 59600 | ||
| 020 | _a9788723905994 | ||
| 040 | _cAnchieta - Pituba | ||
| 100 | _aLenz, Siegried | ||
| 240 | 1 | 0 |
_aLotte soll nicht sterben _lpor |
| 245 | 1 | 0 | _aLotte soll nicht sterben |
| 300 | _a48 | ||
| 362 | 0 | _a1970 | |
| 650 | 4 | _aLiteratura juvenil em alemão | |
| 942 | _cBK | ||
| 999 |
_c59600 _d59600 |
||